Burn the Witch Lyrics (Radiohead) - Statistics

General Stats
  • This quiz has been taken 52 times
  • The average score is 72 of 97
Answer Stats
Answer % Correct
Burn
100%
Burn
100%
burn
100%
Burn
100%
Burn
100%
the
100%
the
100%
the
100%
the
100%
the
100%
the
100%
the
100%
the
100%
the
100%
witch
100%
witch
100%
witch
100%
witch
100%
a
90%
a
90%
a
90%
a
90%
you
90%
you
90%
you
90%
you
90%
you
90%
is
87%
is
87%
is
87%
at
85%
attack
82%
attack
82%
flying
82%
flying
82%
low
82%
low
82%
panic
82%
panic
82%
This
82%
This
82%
This
82%
where
82%
where
82%
where
82%
live
77%
live
77%
live
77%
We
77%
We
77%
We
77%
in
74%
know
74%
know
74%
know
74%
on
74%
on
74%
if
69%
shadows
69%
song
69%
song
69%
Do
67%
Sing
67%
Sing
67%
Stay
67%
that
67%
that
67%
float
64%
goes
64%
goes
64%
jukebox
64%
round
64%
gallows
62%
up
62%
Red
59%
Cheer
56%
crosses
56%
doors
54%
Shoot
54%
wooden
54%
And
51%
Avoid
51%
all
49%
all
49%
not
49%
react
49%
contact
46%
eye
46%
tables
41%
around
38%
reason
36%
talk
36%
Abandon
33%
Loose
33%
sixpence
31%
messengers
28%
of
28%
No matching quizzes found
Score Distribution
Percent of People with Each Score
Percentile by Number Answered
Your Score History
You have not taken this quiz